00551nam a2200181 a 450000100060000000300090000600800410001502000150005604000280007108200130009910000170011224501090012926000370023830000110027549000260028665000330031265000240034512264CO-ViMGA141112s2004 ck r 000 u spa d a8408021605 aCO-ViMGAbspacCO-ViMGA04a927 A54d1 aAlier, Roger10aLa Discoteca Ideal de Interpretes : blas grandes figuras de la musica clasica y sus mejores grabaciones aBarcelona, cEd. Planeta, c1997 a577 p. aEnciclopedias Planeta14aMUSICA CLASICA - DISCOGRAFIA14aMUSICOS - BIOGRAFIA